<?xml version="1.0" encoding="UTF-8"?>
<record
    xmlns:xsi="http://www.w3.org/2001/XMLSchema-instance"
    xsi:schemaLocation="http://www.loc.gov/MARC21/slim http://www.loc.gov/standards/marcxml/schema/MARC21slim.xsd"
    xmlns="http://www.loc.gov/MARC21/slim">

  <leader>01684nam a2200289 i 4500</leader>
  <controlfield tag="003">DO-SdBNP</controlfield>
  <controlfield tag="005">20230425133037.0</controlfield>
  <controlfield tag="007">ta</controlfield>
  <controlfield tag="008">220601b2021    dr aco|| |||| 00| 0 spa d</controlfield>
  <datafield tag="020" ind1=" " ind2=" ">
    <subfield code="a">9789945618570 &#x200E;</subfield>
  </datafield>
  <datafield tag="040" ind1=" " ind2=" ">
    <subfield code="a">DO-SdBNP </subfield>
    <subfield code="b">spa</subfield>
    <subfield code="c">BNPHU</subfield>
    <subfield code="e">rda</subfield>
  </datafield>
  <datafield tag="082" ind1=" " ind2="4">
    <subfield code="2">22</subfield>
  </datafield>
  <datafield tag="100" ind1="1" ind2=" ">
    <subfield code="a">Tavarez Su&#xE1;rez, Francisco Antonio</subfield>
    <subfield code="d">1978-</subfield>
    <subfield code="9">81751</subfield>
  </datafield>
  <datafield tag="245" ind1="1" ind2="0">
    <subfield code="a">La Plaza de la bandera y el derrumbe del pacto secreto de la corrupci&#xF3;n /</subfield>
    <subfield code="c">Francisco Tavarez EL Dem&#xF3;crata ; edici&#xF3;n Rafael &#xC1;lvarez de los Santos ; pr&#xF3;logo Ram&#xF3;n Santana.</subfield>
  </datafield>
  <datafield tag="264" ind1=" " ind2=" ">
    <subfield code="a">Santo Domingo :</subfield>
    <subfield code="b">Amigo del Hogar,</subfield>
    <subfield code="c">2021.</subfield>
  </datafield>
  <datafield tag="300" ind1=" " ind2=" ">
    <subfield code="a">459 p&#xE1;ginas : </subfield>
    <subfield code="b">ilustraciones, fotos y retratos ; </subfield>
    <subfield code="c">23 cm. </subfield>
  </datafield>
  <datafield tag="336" ind1=" " ind2=" ">
    <subfield code="2">rdacontent</subfield>
    <subfield code="a">texto</subfield>
    <subfield code="b">txt</subfield>
  </datafield>
  <datafield tag="337" ind1=" " ind2=" ">
    <subfield code="2">rdamedia</subfield>
    <subfield code="a">sin mediaci&#xF3;n</subfield>
    <subfield code="b">n</subfield>
  </datafield>
  <datafield tag="338" ind1=" " ind2=" ">
    <subfield code="2">rdacarrier</subfield>
    <subfield code="a">volumen</subfield>
    <subfield code="b">nc</subfield>
  </datafield>
  <datafield tag="504" ind1=" " ind2=" ">
    <subfield code="a">Bibliograf&#xED;a : p. 457-459</subfield>
  </datafield>
  <datafield tag="505" ind1="0" ind2=" ">
    <subfield code="a">Agradecimientos --</subfield>
    <subfield code="t">Dedicatoria --</subfield>
    <subfield code="t">Frases para reflexionar y repensar el origen, las causas y consecuencias de la corrupci&#xF3;n --</subfield>
    <subfield code="t">A modo de pr&#xF3;logo --</subfield>
    <subfield code="t">Duarte nos convoca --</subfield>
    <subfield code="t">Introducci&#xF3;n --</subfield>
    <subfield code="g">Cap&#xED;tulo I</subfield>
    <subfield code="t">El pacto de la corrupci&#xF3;n --</subfield>
    <subfield code="g">Cap&#xED;tulo II</subfield>
    <subfield code="t">Los mercenarios de la pol&#xED;tica y la traici&#xF3;n  a la &#xE9;lite empresarial --</subfield>
    <subfield code="g">Cap&#xED;tulo III</subfield>
    <subfield code="t">El &#xFA;ltimo jinete del apocalipsis. Un enga&#xF1;o sorpresa  --</subfield>
    <subfield code="g">Cap&#xED;tulo IV</subfield>
    <subfield code="t">La Plaza de La Bandera y el Derrumbe del Pacto Secreto de la Corrupci&#xF3;n --</subfield>
    <subfield code="g">Cap&#xED;tulo V</subfield>
    <subfield code="t">El inicio del fin --</subfield>
    <subfield code="g">Cap&#xED;tulo VI</subfield>
    <subfield code="t">El negocio de la impunidad caso pendientes de la corrupci&#xF3;n --</subfield>
    <subfield code="t">Colof&#xF3;n --</subfield>
    <subfield code="t">Glosario.</subfield>
  </datafield>
  <datafield tag="590" ind1=" " ind2=" ">
    <subfield code="a">Inventariado, 2022 /LP

</subfield>
  </datafield>
  <datafield tag="700" ind1="1" ind2=" ">
    <subfield code="a">&#xC1;lvarez de los Santos, Rafael,</subfield>
    <subfield code="e">edicci&#xF3;n</subfield>
    <subfield code="9">78017</subfield>
  </datafield>
  <datafield tag="700" ind1="1" ind2=" ">
    <subfield code="a">Santana, Ram&#xF3;n,</subfield>
    <subfield code="e">pr&#xF3;logo</subfield>
    <subfield code="9">81752</subfield>
  </datafield>
  <datafield tag="910" ind1=" " ind2=" ">
    <subfield code="a">Lop&#xE9;rez</subfield>
  </datafield>
  <datafield tag="942" ind1=" " ind2=" ">
    <subfield code="2">ddc</subfield>
    <subfield code="c">LBS1</subfield>
  </datafield>
  <datafield tag="952" ind1=" " ind2=" ">
    <subfield code="0">0</subfield>
    <subfield code="1">0</subfield>
    <subfield code="2">ddc</subfield>
    <subfield code="5">1</subfield>
    <subfield code="7">0</subfield>
    <subfield code="8">PD</subfield>
    <subfield code="a">BNPHU</subfield>
    <subfield code="b">BNPHU</subfield>
    <subfield code="c">CT</subfield>
    <subfield code="d">2022-06-01</subfield>
    <subfield code="e">Dep&#xF3;sito Legal </subfield>
    <subfield code="p">2022-2583</subfield>
    <subfield code="r">2022-06-01</subfield>
    <subfield code="w">2022-06-01</subfield>
    <subfield code="y">LBS1</subfield>
  </datafield>
  <datafield tag="952" ind1=" " ind2=" ">
    <subfield code="0">0</subfield>
    <subfield code="1">0</subfield>
    <subfield code="2">ddc</subfield>
    <subfield code="5">1</subfield>
    <subfield code="7">0</subfield>
    <subfield code="8">PD</subfield>
    <subfield code="a">BNPHU</subfield>
    <subfield code="b">BNPHU</subfield>
    <subfield code="c">CT</subfield>
    <subfield code="d">2022-06-01</subfield>
    <subfield code="e">Dep&#xF3;sito Legal </subfield>
    <subfield code="p">2022-2584</subfield>
    <subfield code="r">2022-06-01</subfield>
    <subfield code="t">e.2</subfield>
    <subfield code="w">2022-06-01</subfield>
    <subfield code="y">LBS1</subfield>
  </datafield>
  <datafield tag="952" ind1=" " ind2=" ">
    <subfield code="0">0</subfield>
    <subfield code="1">0</subfield>
    <subfield code="2">ddc</subfield>
    <subfield code="5">6</subfield>
    <subfield code="7">0</subfield>
    <subfield code="8">DS</subfield>
    <subfield code="a">BNPHU</subfield>
    <subfield code="b">BNPHU</subfield>
    <subfield code="c">CT</subfield>
    <subfield code="d">2022-06-01</subfield>
    <subfield code="e">Dep&#xF3;sito Legal </subfield>
    <subfield code="p">2022-2585</subfield>
    <subfield code="r">2022-06-01</subfield>
    <subfield code="t">e.3</subfield>
    <subfield code="w">2022-06-01</subfield>
    <subfield code="y">LBS1</subfield>
  </datafield>
  <datafield tag="999" ind1=" " ind2=" ">
    <subfield code="c">51882</subfield>
    <subfield code="d">51882</subfield>
  </datafield>
</record>
